| 000 | 00669nam a2200217 a 4500 | ||
|---|---|---|---|
| 001 | 17309 | ||
| 003 | CO-ViMGA | ||
| 008 | 141112s2004 ck r 000 u spa d | ||
| 020 | _a958940152X | ||
| 040 |
_aCO-ViMGA _bspa _cCO-ViMGA |
||
| 082 | 0 | 4 | _a796.334 P153f |
| 100 | 1 |
_aPaneso Zuluaga, Fernando Augusto; Quintero Sanchez, Fernando _924621 |
|
| 245 | 1 | 0 | _aFútbol . Reglas de juego comentadas - 207 preguntas y respuestas |
| 260 |
_aArmenia (Colombia), _cKinesis, _c2002 |
||
| 300 | _a215.p. | ||
| 590 | _aForma de adquisición : Premio - Mincultura | ||
| 650 | 1 | 4 |
_aDEPORTE _950415 |
| 650 | 1 | 4 | _aFUTBOL |
| 650 | 1 | 4 |
_aREGLAMENTO DE FUTBOL _924622 |
| 942 |
_2ddc _cBK |
||
| 999 |
_c26876 _d26876 |
||